Statistics for Country flags with crosses part 1

Click here to take the quiz!

General Stats

  • This quiz has been taken 24 times
  • The average score is 13 of 14

Answer Stats

Answer% Correct
Finland
100%
Greece
100%
Iceland
100%
Jamaica
100%
Norway
100%
Sweden
100%
Switzerland
100%
United Kingdom
100%
Denmark
96%
Georgia
88%
Malta
88%
Dominica
83%
Dominican Republic
83%
Tonga
79%

Score Distribution

Percentile by Number Answered

Percent of People with Each Score

Your Score History

You have not taken this quiz